| 000 | 00511nam a22001697a 4500 | ||
|---|---|---|---|
| 005 | 20140310183635.0 | ||
| 008 | 131126b xxu||||| |||| 00| 0 eng d | ||
| 020 | _a9789715849616 | ||
| 050 |
_aKPM 2784.31997 _b.P48 2010 |
||
| 100 | _aAduana,Nick L. | ||
| 245 |
_aNational Internal Revenue Code : _b(Republic Act 8424) with notes and Comments / _cNick L. Aduana |
||
| 260 |
_aQuezon _bC & E publishing, Inc _c2010 |
||
| 300 |
_a535 p. : _c22 cm. |
||
| 521 | _aBSA | ||
| 546 | _aC14003 | ||
| 942 |
_2lcc _cBK _kLOC |
||
| 999 |
_c25687 _d25687 |
||